Geografia complementare per le scuole medie superiori

Gespeichert in:
Bibliographische Detailangaben
1. Verfasser: Teti, Giuseppe
Format: Buch
Sprache:Italienisch
Erschienen: Roma Albrighi, Segati e C. 1931
Katalog:EDISCO:  Suchergebnis im Bibliothekskatalog
Schulbuchspezifische Eigenschaften:
Tags: Tag hinzufügen
Keine Tags, Fügen Sie den ersten Tag hinzu!
Hinzugefügt zu:30.04.2016
Geändert in:04.10.2017

MARC

LEADER 00000aam a22000005 4500
001 10561
003 OSt
005 20171004085100.0
008 160501s1931 it 000 0 ita
040 |c Elena Facco - Padova - CUBI 
041 1 |a ita 
100 1 |a Teti, Giuseppe 
245 0 0 |a Geografia complementare per le scuole medie superiori 
260 |a Roma  |b Albrighi, Segati e C.  |c 1931 
300 |a VII, 206 p, 1/1 ;   |c in 8° 
510 3 |a L. 9 
901 |a 5 
942 |2 ddc  |c BK 
546 |a ita 
999 |c 10550  |d 10550 
999 |c edisco:10550  |d 10550